| 000 | 01033nam a22002057a 4500 | ||
|---|---|---|---|
| 008 | 110810s1976 ua||||| |||| 00| 0 ara d | ||
| 082 |
_222 _a230.01 _bم ح م |
||
| 100 | 1 |
_926646 _aمحمد ، على عبد المعطى |
|
| 245 |
_aالسياسة : _bبين النظرية والتطبيق / _cعلى عبد المعطى محمد ، محمد على محمد ؛ تقديم محمد على ابو ريان |
||
| 260 |
_aالاسكندرية : _bدار الجامعات المصرية ، _c1976. |
||
| 300 |
_a478 ص ؛ _c24 سم. |
||
| 504 | _aيشتمل على إرجاعات ببليوجرافية 459 - 478 | ||
| 650 |
_920914 _aالسياسة _xفلسفة |
||
| 650 |
_926649 _aالسياسة _xنظريات |
||
| 653 |
_bGeneral _cAugust2011 |
||
| 700 | 0 |
_926647 _aمحمد ، على محمد |
|
| 700 | 0 |
_926648 _aابو ريان ، محمد على _eتقديم |
|
| 942 |
_2ddc _cBB |
||
| 999 |
_c15806 _d15806 |
||